| 000 | 00650nab a2200193 4500 | ||
|---|---|---|---|
| 001 | 244442 | ||
| 003 | OSt | ||
| 005 | 20240822082441.0 | ||
| 007 | tu | ||
| 008 | 200917s2020||||||| | ||
| 040 |
_aDE-2950 _cDE-2950 |
||
| 245 | 0 | 0 |
_aDas Herz der Stadt _bDDR-Geschichte. Der Theater-Zug das letzte Kleinod erinnert mit "Hotel Einheit" an eine vergangene - aber nicht vergessene - Zeit/ _cJanine Reinschmidt, Christina Tilmann |
| 264 | _c2024 | ||
| 653 | _aFrankfurt (Oder) | ||
| 653 | _aTheater-Zug | ||
| 653 | _a"Hotel Einheit" | ||
| 773 | 0 |
_g35. Jahrgang (2024) Nr. 186 vom 10.08.2024, S. 13, mit Foto _tMärkische Oderzeitung |
|
| 942 |
_2z _cA |
||
| 999 |
_c373287 _d373287 |
||